000 01288cam a22003375i 4500
001 data
005 20260322212119.0
008 data
035 _a20146152
906 _a7
_bcbc
_ccopycat
_d2
_encip
_f20
_gy-gencatlg
925 0 _aacquire
_b1 shelf copy
_xpolicy default
010 _a 2017446656
020 _a9781682171394
_qhardcover
035 _a(OCoLC)954536545
040 _aYDXCP
_beng
_erda
_cYDXCP
_dDLC
_dOCLCO
_dOCLCF
_dOCLCQ
_dR2A
_dCSG
_dIMB
_dAJB
_dBTCTA
_dBDX
_dCHK
_dBKL
_dDLC
042 _alccopycat
050 0 0 _aQA76
_b.P6695 2016
082 0 4 _a004
_223
245 0 0 _aPrinciples of computer science /
_ceditor, Donald R. Franceschetti, PhD, The University of Memphis.
264 1 _aIpswich, Massachusetts :
_bGrey House Publishing,
_bGrey House Publishing,
_c[2016]
300 _axiii, 381 pages :
_billustrations ;
_c26 cm.
336 _atext
_btxt
_2rdacontent
336 _astill image
_bsti
_2rdacontent
337 _aunmediated
_bn
_2rdamedia
338 _avolume
_bnc
_2rdacarrier
504 _aIncludes bibliographical references (pages 337-359) and index.
650 0 _aComputer science.
650 7 _aComputer science.
_2fast
_0(OCoLC)fst00872451
700 1 _aFranceschetti, Donald R.,
_d1947-
999 _c1813
_d1813